000 00607nam a2200193 i 4500
001 83862
003 ES-MaACL
005 20230906174915.0
007 t|
008 041118s1964 sp ||||1| spa d
100 1 _aIparraguirre, Ignacio.
_965389
245 1 0 _aEstilo espiritual jesuítico
_b: (1.540-1.600) /
_cIgnacio Iparraguirre.
260 _aBilbao :
_bEl Mensajero del Corazón de Jesús,
_c1964.
300 _a279 p. ;
_c21 cm.
490 1 _aEspiritualidad iguacina ;
_v5
830 0 _aEspiritualidad iguacina ;
_v5
_9231642
852 _aES-MaACL
_jC-25620
_bR.54366
999 _c83862
_d83862